College mathematics for business, economics, life sciences,and social sciences / (رقم التسجيلة. 34926)

تفاصيل مارك
000 -الفاتح
حقل البيانات ثابتة الطول 00861nam a22002657a 4500
003 - محدد رقم الضبط
رقم الضبط OSt
005 - وقت وتاريخ اخر تعامل مع التسجيلة
رقم الضبط 20150408114216.0
008 - عناصر البيانات ثابتة الطول - معلومات عامة
حقل البيانات ثابتة الطول 140512s2014 enka g b 001 0 eng d
020 ## - الرقم الدولى المعيارى للكتب
الرقم الدولى المعيارى للكتاب 9781292021829
020 ## - الرقم الدولى المعيارى للكتب
الرقم الدولى المعيارى للكتاب 1292021829
040 ## - مصدر الفهرسة
وكالة الفهرسة الأصلية Ma-Un
082 04 - رقم تصنيف ديوى العشرى
رقم الطبعة 22
رقم التصنيف 510
رقم المادة BRC
100 1# - المدخل الرئيسى - إسم شخصى
الإسم الشخصى Barnett, Raymond A
245 10 - بيان العنوان
العنوان College mathematics for business, economics, life sciences,and social sciences /
بيان المسئوليه,etc Raymond A. Barnett, Michael R.Ziegler, Karl E. Byleen.
250 ## - بيان الطبعة
بيان الطبعة 12th ed.
بقية بيان الطبعة International ed.
260 ## - PUBLICATION, DISTRIBUTION, ETC. (IMPRINT)
مكان الناشر او الموزع Edinburgh :
اسم الناشر او الموزع Pearson Education Limited,
تاريخ النشر أو التوزيع 2014.
300 ## - الوصف المادى
التعداد 1 v (various paging) :
تفاصيل ماديه اخرى للوعاء ill. ;
أبعاد الوعاء 27 cm.
500 ## - تبصرة عامة
تبصرة عامة Includes indexes.
650 ## - المدخل الاضافى بالموضوع-مصطلح موضوعى
مصطلح موضوعي أو اسم جغرافي كعنصر مدخل Mathematics
650 ## - المدخل الاضافى بالموضوع-مصطلح موضوعى
مصطلح موضوعي أو اسم جغرافي كعنصر مدخل Social sciences
التقسيم الفرعي العام Mathematics
9 (RLIN) 44769
650 ## - المدخل الاضافى بالموضوع-مصطلح موضوعى
مصطلح موضوعي أو اسم جغرافي كعنصر مدخل Biomathematics
700 1# - المدخل الاضافى - اسم شخصى
الإسم الشخصى Ziegler, Michael R
9 (RLIN) 37399
700 1# - المدخل الاضافى - اسم شخصى
الإسم الشخصى Byleen, Karl
9 (RLIN) 37400
942 ## - عناصر المدخل الإضافي( كوها)
مصدر التصنيف او مخطط الترفيف Dewey Decimal Classification
Koha [default] item type كتاب
المقتنيات
حالة الفقد نموذج السعر الفعال حالة تلف ليس للاعارة رقم الطلب رقم النسخة تاريخ الاكتساب مصدر التزويد الموقع الحالي الباركود الفرع الرئيسي Date last seen نوع المادة فى نظام كوها مصدر التصنيف او خطة الترفيف Total Checkouts
  2014-05-12   Not For Loan 510 BRC 1 2014-05-12 دار العرب مكتبة كلية العلوم و الدراسات الإنسانية برماح - طالبات (SRF) 00210291 مكتبة كلية العلوم و الدراسات الإنسانية برماح - طالبات (SRF) 2014-05-12 كتاب Dewey Decimal Classification  
  2014-05-12     510 BRC 2 2014-05-12 دار العرب مكتبة كلية العلوم و الدراسات الإنسانية برماح - طالبات (SRF) 00210292 مكتبة كلية العلوم و الدراسات الإنسانية برماح - طالبات (SRF) 2014-05-12 كتاب Dewey Decimal Classification